000 00502nam a2200181Ia 4500
999 _c55280
_d55280
003 GCL
005 20240530105346.0
008 140319s9999 xx 000 0 ara d
040 _aGCL /
_cGCL
082 0 4 _a759
_bج م
100 1 _aجمال قطب
245 1 0 _aالملهمات فى الفن والتاريخ /
_cجمال قطب
260 _a[S.N] :
_bمكتبة مصر
650 0 4 _aالفن
650 0 4 _aالفن والتاريخ
650 0 4 _aالمرأة فى الفن
942 _2ddc
_cBK